Loading...
The flowering of Australian literature
| Andre forfattere: | |
|---|---|
| Format: | Printed Book |
| Sprog: | English |
| Udgivet: |
Bangalore :
dhvanyaloka publications ,
c1981.
|
| LEADER | 00464nam a22001217a 4500 | ||
|---|---|---|---|
| 008 | 170523b xxu||||| |||| 00| 0 eng d | ||
| 245 | |a The flowering of Australian literature | ||
| 260 | |a Bangalore : |b dhvanyaloka publications , |c c1981. | ||
| 300 | |b 241p. | ||
| 700 | |a C.D. Narasimhaiah |e editor | ||
| 942 | |c BK | ||
| 999 | |c 200302 |d 200302 | ||
| 952 | |0 0 |1 0 |4 0 |6 899_150000000000000_NAR_H |7 0 |9 221693 |a ENG |b ENG |c REF |d 2017-05-23 |i 12274 |l 0 |o 899.15 NAR/H |p ENG12274 |r 2017-05-23 |w 2018-08-21 |y REF | ||